Guinea-Bissau - True or False - Statistics

General Stats
  • This quiz has been taken 21 times
  • The average score is 5 of 7
Answer Stats
Question Answer % Correct
Guinea-Bissau is the second-largest country in Africa False
100%
Guinea Bissau´s flag is a one-to-one replica of the Bolivian flag False
80%
about 70% of the population is rich and lives on about $350 a day False
60%
Guinea-Bissau is a completely landlocked country, besides a few lakes. False
60%
Guinea-Bissau is one of the top five cashew producers in the world True
60%
People from Guinea-Bissau are referred to as Bissau-Guineans True
60%
The country has its own language: Guinea-Bissau Creole True
40%
No matching quizzes found
Score Distribution
Percent of People with Each Score
Percentile by Number Answered
Your Score History
You have not taken this quiz